000 00528nam a22001817a 4500
005 20130624150641.0
010 _aENG-107720
020 _a9788192543116
_c325.00
035 _aEN-91253
037 _bDBAD/PUB
100 _aFiske, Robert Hartwell
245 _aThe best words /
_cby Robert Hartwell Fiske
_b
260 _aUttar Pradesh
_beVookz
_c2010
270 _a10, Parshawanath Edens, Sector, Alpha-II, Greater Noida
_bUttar Pradesh
300 _aix,175p.
_c22cm(Hb)
500 _aIncludes index
942 _2ddc
_cEN
_mFIS
999 _c76906
_d76906